000
00291nam a22001097a 4500
008
230703b xxu||||| |||| 00| 0 eng d
082
_a
342
_b
CKRC 1997
245
_a
Njia ya Kufikia Katiba Mpya
260
_b
National Convention anmd Planning Committee
_c
1997
300
_a
21p
942
_2
ddc
_c
BK
999
_c
3515
_d
3515